000 00757nab a2200229 u 4500
001 08977
003 HDC
007 cr bn ---aaaaa
008 210131c9999 my dr|nes 0 a eng d
040 _aHDC
245 0 _aEU to Tackle Cyprus Fallout at Dublin Talks
260 _a[no place] :
_b[publisher not identified],
_c[no year]
336 _atext
_2rdacontent
337 _acomputer
_2rdamedia
338 _aonline resource
_2rdacarrier
650 _aCyprus fallout
_99397
650 _aEuropean union (EU)
_99398
856 _zRequest full-text at [email protected]
942 _2lcc
942 _cNEWS
942 _kNWSC 002430
999 _c6300
_d6300